| 000 | 00550nam a2200193 a 4500 | ||
|---|---|---|---|
| 005 | 20140412111237.0 | ||
| 008 | 001115s19uu xx 00 eng d | ||
| 020 | _a0-440-40351-0 | ||
| 050 |
_aM 629.43 _bAs811 1988 |
||
| 100 | _aAsimov, Isaac, 1920 | ||
| 245 |
_aRockets, probes, and satellites / _cIsaac Asimov. |
||
| 260 |
_aNew York : _bDell Pub. |
||
| 300 | _a32 p. ; ill. ; col. | ||
| 440 | _aIsaac Asimov's Library of the Universe | ||
| 650 | _aRocketry | ||
| 650 | _aArtificial satellites | ||
| 650 | _aSpace probes | ||
| 999 |
_c102510 _d102510 |
||